000 00275nam a22001097a 4500
008 160613b xxu||||| |||| 00| 0 eng d
020 _a0933107529
041 _aeng
080 _a618.2
245 _aAdult medical-surgical nursing:
_cDanielle Platt; Mary Moss;
942 _2udc
_cBK
999 _c2492
_d2492